Advanced Manufacturing and Automation VIII

This proceeding is a compilation of selected papers from the 8th International Workshop of Advanced Manufacturing and Automation (IWAMA 2018), held in Changzhou, China on September 25 - 26, 2018. Most of the topics are focusing on novel techniques for manufacturing and automation in Industry 4.0 and...

Full description

Bibliographic Details
Corporate Author: SpringerLink (Online service)
Other Authors: Wang, Kesheng (Editor, http://id.loc.gov/vocabulary/relators/edt), Wang, Yi (Editor, http://id.loc.gov/vocabulary/relators/edt), Strandhagen, Jan Ola (Editor, http://id.loc.gov/vocabulary/relators/edt), Yu, Tao (Editor, http://id.loc.gov/vocabulary/relators/edt)
Format: Electronic eBook
Language:English
Published: Singapore : Springer Singapore : Imprint: Springer, 2019.
Edition:1st ed. 2019.
Series:Lecture Notes in Electrical Engineering, 484
Subjects:
Online Access:Full Text via HEAL-Link
LEADER 04104nam a2200589 4500
001 978-981-13-2375-1
003 DE-He213
005 20191027142638.0
007 cr nn 008mamaa
008 181214s2019 si | s |||| 0|eng d
020 |a 9789811323751  |9 978-981-13-2375-1 
024 7 |a 10.1007/978-981-13-2375-1  |2 doi 
040 |d GrThAP 
050 4 |a TJ210.2-211.495 
050 4 |a T59.5 
072 7 |a TJFM1  |2 bicssc 
072 7 |a TEC037000  |2 bisacsh 
072 7 |a TJFM1  |2 thema 
082 0 4 |a 629.892  |2 23 
245 1 0 |a Advanced Manufacturing and Automation VIII  |h [electronic resource] /  |c edited by Kesheng Wang, Yi Wang, Jan Ola Strandhagen, Tao Yu. 
250 |a 1st ed. 2019. 
264 1 |a Singapore :  |b Springer Singapore :  |b Imprint: Springer,  |c 2019. 
300 |a XX, 707 p. 433 illus., 307 illus. in color.  |b online resource. 
336 |a text  |b txt  |2 rdacontent 
337 |a computer  |b c  |2 rdamedia 
338 |a online resource  |b cr  |2 rdacarrier 
347 |a text file  |b PDF  |2 rda 
490 1 |a Lecture Notes in Electrical Engineering,  |x 1876-1100 ;  |v 484 
505 0 |a Robotics and Automation -- Chemical Process Equipment -- Parallel Mechanism and Manipulator -- Computational Intelligence -- Design and Optimization -- Product Life-cycle Management -- Integration of CAD/CAPP/CAM/CIMS -- Advanced Manufacturing Systems -- Manufacturing Operations Management -- Knowledge-based Manufacturing -- Manufacturing Quality Control and Management -- Sustainable Production -- Diagnosis and Prognosis of Machines -- Industry 4.0 -- Lean and Agile Manufacturing -- Virtual and Grid Manufacturing -- Resource and Asset Management -- Logistics and Supply Chain Management -- EEG and Eye Tracking for Cognitive Applications -- RFID Applications -- Predictive Maintenance -- Reliability and Maintainability in Manufacturing -- Project Management -- Renewable Energy Development -- Knowledge Management and Decision Making -- Intelligent Inspection. 
520 |a This proceeding is a compilation of selected papers from the 8th International Workshop of Advanced Manufacturing and Automation (IWAMA 2018), held in Changzhou, China on September 25 - 26, 2018. Most of the topics are focusing on novel techniques for manufacturing and automation in Industry 4.0 and smart factory. These contributions are vital for maintaining and improving economic development and quality of life. The proceeding will assist academic researchers and industrial engineers to implement the concepts and theories of Industry 4.0 in industrial practice, in order to effectively respond to the challenges posed by the 4th industrial revolution and smart factory. 
650 0 |a Robotics. 
650 0 |a Automation. 
650 0 |a Manufactures. 
650 0 |a Engineering economics. 
650 0 |a Engineering economy. 
650 0 |a Artificial intelligence. 
650 1 4 |a Robotics and Automation.  |0 http://scigraph.springernature.com/things/product-market-codes/T19020 
650 2 4 |a Manufacturing, Machines, Tools, Processes.  |0 http://scigraph.springernature.com/things/product-market-codes/T22050 
650 2 4 |a Engineering Economics, Organization, Logistics, Marketing.  |0 http://scigraph.springernature.com/things/product-market-codes/T22016 
650 2 4 |a Artificial Intelligence.  |0 http://scigraph.springernature.com/things/product-market-codes/I21000 
700 1 |a Wang, Kesheng.  |e editor.  |4 edt  |4 http://id.loc.gov/vocabulary/relators/edt 
700 1 |a Wang, Yi.  |e editor.  |4 edt  |4 http://id.loc.gov/vocabulary/relators/edt 
700 1 |a Strandhagen, Jan Ola.  |e editor.  |4 edt  |4 http://id.loc.gov/vocabulary/relators/edt 
700 1 |a Yu, Tao.  |e editor.  |4 edt  |4 http://id.loc.gov/vocabulary/relators/edt 
710 2 |a SpringerLink (Online service) 
773 0 |t Springer eBooks 
776 0 8 |i Printed edition:  |z 9789811323744 
776 0 8 |i Printed edition:  |z 9789811323768 
830 0 |a Lecture Notes in Electrical Engineering,  |x 1876-1100 ;  |v 484 
856 4 0 |u https://doi.org/10.1007/978-981-13-2375-1  |z Full Text via HEAL-Link 
912 |a ZDB-2-INR 
950 |a Intelligent Technologies and Robotics (Springer-42732)